| 000 | 00508nam a2200157 4500 | ||
|---|---|---|---|
| 999 |
_c15707 _d15707 |
||
| 003 | OSt | ||
| 082 |
_a631.587 _bAIS/C |
||
| 088 | _aP 439 | ||
| 100 |
_aAiswarya Johnson _94212 |
||
| 100 |
_aAshika N P _94213 |
||
| 100 |
_aParvathy Nayana N _94214 |
||
| 245 | _aCrop water requirement and irrigation scheduling of selected crops using CROPWAT: A case study of Pattambi region | ||
| 260 |
_aTavanur _bDepartment of Irrigation and Drainage Engineering _c2019 |
||
| 700 |
_aAsha Joseph (Guide) _93317 |
||
| 942 | _cPR | ||